Cancer: (Record no. 199319)
[ view plain ]
| 000 -LEADER | |
|---|---|
| fixed length control field | 00881nam a22002417a 4500 |
| 003 - CONTROL NUMBER IDENTIFIER | |
| control field | dpl |
| 005 - DATE AND TIME OF LATEST TRANSACTION | |
| control field | 20231213162923.0 |
| 008 - FIXED-LENGTH DATA ELEMENTS--GENERAL INFORMATION | |
| fixed length control field | 231130b |||||||| |||| 00| 0 eng d |
| 010 ## - LIBRARY OF CONGRESS CONTROL NUMBER | |
| LC control number | B-756051-056 |
| 020 ## - INTERNATIONAL STANDARD BOOK NUMBER | |
| International Standard Book Number | 9798189093760 |
| Terms of availability | 275.00 |
| 035 ## - SYSTEM CONTROL NUMBER | |
| System control number | B-756051-056 |
| 037 ## - SOURCE OF ACQUISITION | |
| Source of stock number/acquisition | Lotus Press |
| 040 ## - CATALOGING SOURCE | |
| Transcribing agency | 0 |
| 050 ## - LIBRARY OF CONGRESS CALL NUMBER | |
| Classification number | 616.994 |
| 100 ## - MAIN ENTRY--PERSONAL NAME | |
| Relator code | Ahluwalia, V.K. |
| 245 ## - TITLE STATEMENT | |
| Title | Cancer: |
| Remainder of title | Causes and Prevention/ |
| Statement of responsibility, etc | V.K. Ahluwalia and M. Ahluwalia |
| 260 ## - PUBLICATION, DISTRIBUTION, ETC. (IMPRINT) | |
| Place of publication, distribution, etc | New Delhi |
| Name of publisher, distributor, etc | Lotus Press |
| Date of publication, distribution, etc | 2023 |
| 270 ## - ADDRESS | |
| Address | 4263/3, Ansari Road, Darya Ganj, |
| City | New Delhi |
| Postal code | 110002 |
| 300 ## - PHYSICAL DESCRIPTION | |
| Extent | 189p. |
| Dimensions | 22cm(pbk) |
| 700 ## - ADDED ENTRY--PERSONAL NAME | |
| Relator code | Ahluwalia, M. |
| 942 ## - ADDED ENTRY ELEMENTS (KOHA) | |
| Source of classification or shelving scheme | Dewey Decimal Classification |
| Koha item type | English Books |
| Classification part | 616.994 |
| Call number suffix | AHL |
| Withdrawn status | Lost status | Source of classification or shelving scheme | Damaged status | Not for loan | Collection code | Home library | Current library | Date acquired | Source of acquisition | Cost, normal purchase price | Total Checkouts | Total Renewals | Full call number | Barcode | Date last seen | Date checked out | Copy number | Cost, replacement price | Price effective from | Koha item type |
|---|---|---|---|---|---|---|---|---|---|---|---|---|---|---|---|---|---|---|---|---|
| Dewey Decimal Classification | Non-fiction | Ashok Vihar | Ashok Vihar | 13/12/2023 | Lotus Press/198/27.12.23/41/23.11.23/1.12.23 | 275.00 | 1 | 616.994 AHL | B-756052 | 13/10/2025 | 06/10/2025 | 2 | 275.00 | 13/12/2023 | English Books | |||||
| Dewey Decimal Classification | Non-fiction | Bawana | Bawana | 13/12/2023 | Lotus Press/198/27.12.23/41/23.11.23/1.12.23 | 275.00 | 2 | 2 | 616.994 AHL | B-756056 | 05/12/2024 | 25/11/2024 | 6 | 275.00 | 13/12/2023 | English Books | ||||
| Dewey Decimal Classification | Non-fiction | Central Library | Central Library | 13/12/2023 | Lotus Press/198/27.12.23/41/23.11.23/1.12.23 | 275.00 | 3 | 5 | 616.994 AHL | B-756051 | 23/09/2024 | 21/08/2024 | 1 | 275.00 | 13/12/2023 | English Books | ||||
| Dewey Decimal Classification | Non-fiction | Diz Area | Diz Area | 13/12/2023 | Lotus Press/198/27.12.23/41/23.11.23/1.12.23 | 275.00 | 616.994 AHL | B-756055 | 13/12/2023 | 5 | 275.00 | 13/12/2023 | English Books | |||||||
| Dewey Decimal Classification | Non-fiction | Patel Nagar | Patel Nagar | 13/12/2023 | Lotus Press/198/27.12.23/41/23.11.23/1.12.23 | 275.00 | 1 | 616.994 AHL | B-756053 | 13/03/2024 | 26/02/2024 | 3 | 275.00 | 13/12/2023 | English Books | |||||
| Dewey Decimal Classification | Non-fiction | Tri Nagar | Tri Nagar | 13/12/2023 | Lotus Press/198/27.12.23/41/23.11.23/1.12.23 | 275.00 | 616.994 AHL | B-756054 | 13/12/2023 | 4 | 275.00 | 13/12/2023 | English Books |
